[Event "Santiago de Chile op"]
[Site "Santiago de Chile"]
[Date "2011.09.07"]
[Round "1"]
[White "Bartucevic Sanchez, Diego"]
[Black "Arancibia Moreno, Rodrigo"]
[Result "1-0"]
[WhiteElo "2070"]
[BlackElo "1500"]
[PlyCount "61"]
[EventDate "2011.09.07"]
[EventType "swiss"]
[EventRounds "9"]
[EventCountry "CHI"]
[SourceTitle "EXT 2012"]
[Source "ChessBase"]
[SourceDate "2011.11.24"]
[SourceVersion "1"]
[SourceVersionDate "2011.11.24"]
[SourceQuality "1"]

1. e4 c6 2. c4 d5 3. cxd5 cxd5 4. exd5 Nf6 5. Bb5+ Bd7 6. Bc4 Qb6 7. Nc3 g6 8. Nf3 Bg4 9. Qa4+ Bd7 10. Qb3 Bg7 11. d4 0-0 12. Bf4 Na6 13. 0-0 Qxb3 14. Bxb3 Bf5 15. Rfe1 Nh5 16. Bg5 Bf6 17. Rxe7 Bxe7 18. Bxe7 Rfe8 19. d6 Nb4 20. Ne5 Be6 21. d5 f6 22. a3 Nxd5 23. Nxg6 hxg6 24. Nxd5 Kf7 25. Re1 Rad8 26. Rxe6 Kxe6 27. Nxf6+ Kf5 28. g4+ Ke5 29. Nxe8 Nf4 30. Bf6+ Ke4 31. Bxd8 1-0

[Event "CHI-ch Metropolitan sf 0708"]
[Site "Santiago de Chile"]
[Date "2008.02.14"]
[Round "9"]
[White "Figueroa Morales, Tomas"]
[Black "Bartucevic Sanchez, Diego"]
[Result "0-1"]
[WhiteElo "2122"]
[BlackElo "2083"]
[PlyCount "77"]
[EventDate "2008.02.06"]
[EventType "swiss"]
[EventRounds "9"]
[EventCountry "CHI"]
[SourceTitle "EXT 2012"]
[Source "ChessBase"]
[SourceDate "2011.11.24"]
[SourceVersion "1"]
[SourceVersionDate "2011.11.24"]
[SourceQuality "1"]

1. d4 Nf6 2. c4 d6 3. Nf3 Nbd7 4. Nc3 c6 5. Qc2 e5 6. e3 Be7 7. Be2 0-0 8. 0-0 a6 9. b3 b5 10. Bb2 Re8 11. dxe5 dxe5 12. Rfd1 b4 13. Na4 Qc7 14. c5 e4 15. Nd2 Bf8 16. h3 Rb8 17. Bd4 Ne5 18. Nb6 Bf5 19. Ndc4 Nxc4 20. Qxc4 a5 21. Qa6 Nd7 22. Qxa5 Nxb6 23. cxb6 Qc8 24. g4 Be6 25. Ba6 Qd8 26. Bc5 Qh4 27. Bf1 Bxg4 28. hxg4 Qxg4+ 29. Bg2 Re5 30. Qa7 Rg5 31. Kf1 Qxg2+ 32. Ke1 Qh1+ 33. Kd2 Rd8+ 34. Bd4 Qf3 35. Rf1 Rxd4+ 36. exd4 Qd3+ 37. Ke1 e3 38. Rd1 exf2+ 39. Rxf2 0-1

[Event "CHI-chT"]
[Site "Santiago de Chile"]
[Date "2007.12.11"]
[Round "9"]
[White "Cabrera Gonzalez, Sergio"]
[Black "Bartucevic Sanchez, Diego"]
[Result "1-0"]
[WhiteElo "2088"]
[BlackElo "2083"]
[PlyCount "127"]
[EventDate "2007.10.16"]
[EventType "team-tourn"]
[EventRounds "9"]
[EventCountry "CHI"]
[SourceTitle "EXT 2012"]
[Source "ChessBase"]
[SourceDate "2011.11.24"]
[SourceVersion "1"]
[SourceVersionDate "2011.11.24"]
[SourceQuality "1"]

1. f4 e5 2. e4 Bc5 3. Nf3 d6 4. c3 Bg4 5. Bc4 Nc6 6. Qb3 Qd7 7. Qxb7 Rb8 8. Qa6 Bxf3 9. gxf3 Rb6 10. Qa4 Qh3 11. Rf1 Qxh2 12. b4 Qg3+ 13. Kd1 Bf2 14. Ke2 Bg1 15. fxe5 dxe5 16. Na3 Nge7 17. Bb2 Qg2+ 18. Kd1 Bf2 19. Kc2 Qxf3 20. Rxf2 Qxf2 21. Rf1 Qg2 22. Bxf7+ Kd8 23. Bc4 Qxe4+ 24. Bd3 Qd5 25. Nc4 e4 26. Be2 Rb8 27. Ne3 Qd6 28. b5 Ne5 29. c4 Nf3 30. Bc3 Nd4+ 31. Bxd4 Qxd4 32. Rf7 g6 33. Qa3 Re8 34. Rxh7 Nf5 35. Nd5 e3 36. d3 Qa1 37. d4 Nxd4+ 38. Kd3 Nxe2 39. Kxe2 Qg1 40. Nxe3 Rb6 41. c5 Rbe6 42. Qd3+ Rd6 43. cxd6 Qg2+ 44. Ke1 Qg3+ 45. Kd2 cxd6 46. Rxa7 Re6 47. b6 Qh2+ 48. Qe2 Qe5 49. Qd3 Qb2+ 50. Nc2 Qxb6 51. Qd4 Qxd4+ 52. Nxd4 Rf6 53. Kd3 d5 54. a4 Rf1 55. Nb5 Rd1+ 56. Kc3 g5 57. Rg7 Rg1 58. Kb4 Rg4+ 59. Ka5 d4 60. Rg6 Ke7 61. Rd6 Rf4 62. Rxd4 Rxd4 63. Nxd4 Kd7 64. Nf3 1-0

[Event "Santiago Endesa 14"]
[Site "Santiago de Chile"]
[Date "2007.10.22"]
[Round "9"]
[White "Bartucevic Sanchez, Diego"]
[Black "Velasquez Ojeda, Cesar"]
[Result "0-1"]
[WhiteElo "2083"]
[BlackElo "2282"]
[PlyCount "80"]
[EventDate "2007.10.18"]
[EventType "tourn"]
[EventRounds "9"]
[EventCountry "CHI"]
[SourceTitle "EXT 2012"]
[Source "ChessBase"]
[SourceDate "2011.11.24"]
[SourceVersion "1"]
[SourceVersionDate "2011.11.24"]
[SourceQuality "1"]

1. e4 e5 2. Nf3 f5 3. Nxe5 Qf6 4. d4 d6 5. Nf3 fxe4 6. Qe2 d5 7. Ne5 Nc6 8. Nxc6 bxc6 9. f3 Qxd4 10. fxe4 dxe4 11. Qc4 c5 12. Nc3 Bf5 13. Nb5 Qxc4 14. Bxc4 0-0-0 15. Rf1 g6 16. Nxa7+ Kb7 17. Nb5 c6 18. Nc3 Bd6 19. Bf4 Bxf4 20. Rxf4 Nf6 21. Na4 Ng4 22. Ke2 Rd4 23. Nxc5+ Kb6 24. Na4+ Ka5 25. Bb3 Rhd8 26. Re1 Rd2+ 27. Kf1 Nxh2+ 28. Kg1 Ng4 29. Nc5 Rd1 30. Nb7+ Kb6 31. Nxd8 Rxe1+ 32. Rf1 Re2 33. a4 Ne3 34. a5+ Kxa5 35. Nxc6+ Kb6 36. Nd4 Rxg2+ 37. Kh1 Rd2 38. Re1 Ng2 39. Rg1 Nh4 40. Nxf5 Nf3 0-1

[Event "Santiago Endesa Interempresas"]
[Site "Santiago de Chile"]
[Date "2007.??.??"]
[Round "7"]
[White "Llorens Sepulveda, Marcelo"]
[Black "Bartucevic Sanchez, Diego"]
[Result "1-0"]
[WhiteElo "2353"]
[BlackElo "2106"]
[PlyCount "63"]
[EventDate "2007.??.??"]
[EventType "tourn"]
[EventRounds "11"]
[EventCountry "CHI"]
[SourceTitle "EXT 2008"]
[Source "ChessBase"]
[SourceDate "2007.11.25"]
[SourceVersion "1"]
[SourceVersionDate "2007.11.25"]
[SourceQuality "1"]

1. e4 c5 2. Nf3 e6 3. c3 Nf6 4. Bd3 d5 5. e5 Nfd7 6. Bc2 b6 7. 0-0 Ba6 8. Re1 Be7 9. d4 Nc6 10. a3 0-0 11. Nbd2 cxd4 12. cxd4 Rc8 13. Nf1 Re8 14. Ng3 Nf8 15. Nh5 Ng6 16. g3 Rc7 17. h4 Qd7 18. Bg5 Bf8 19. Bb1 Na5 20. b4 Nc4 21. Nh2 Kh8 22. Nf6 gxf6 23. Bxf6+ Bg7 24. Ng4 Rg8 25. h5 Qc8 26. Bxg6 fxg6 27. Kg2 Bxf6 28. Nxf6 Rgg7 29. Rh1 Nb2 30. Qd2 Na4 31. Qh6 Nc3 32. hxg6 1-0

[Event "Las Condes zt 2.5"]
[Site "Las Condes"]
[Date "2005.11.10"]
[Round "7"]
[White "Avalos Parra, Joao"]
[Black "Bartucevic Sanchez, Diego"]
[Result "0-1"]
[WhiteElo "2268"]
[BlackElo "2053"]
[PlyCount "74"]
[EventDate "2005.11.07"]
[EventType "swiss"]
[EventRounds "9"]
[EventCountry "CHI"]
[SourceTitle "EXT 2006"]
[Source "ChessBase"]
[SourceDate "2005.11.24"]
[SourceVersion "1"]
[SourceVersionDate "2005.11.24"]
[SourceQuality "1"]

1. d4 d5 2. c4 e6 3. Nf3 Nf6 4. g3 Be7 5. Bg2 dxc4 6. 0-0 0-0 7. Qc2 a6 8. Qxc4 b5 9. Qc2 Bb7 10. Bd2 Be4 11. Qc1 Nbd7 12. Ba5 Rc8 13. Nbd2 Ba8 14. Qc2 Nb6 15. b4 Re8 16. Rac1 Bf8 17. Qd3 g6 18. Rc2 Bh6 19. Ne5 Bxg2 20. Kxg2 Bxd2 21. Qxd2 Qd5+ 22. f3 Nfd7 23. e4 Qb7 24. Ng4 Nc4 25. Qf4 f5 26. Nf2 e5 27. dxe5 Ndxe5 28. Re1 Rcd8 29. exf5 Nxf3 30. Rxe8+ Rxe8 31. Kh3 Ng1+ 32. Kh4 Ne3 33. Qxc7 Nxf5+ 34. Kg5 Nf3+ 35. Kf4 Qd5 36. Qc6 g5+ 37. Kg4 Ne5+ 0-1

[Event "Las Condes zt 2.5"]
[Site "Las Condes"]
[Date "2005.11.08"]
[Round "3"]
[White "Bartucevic Sanchez, Diego"]
[Black "Duarte, Leonardo"]
[Result "0-1"]
[WhiteElo "2053"]
[BlackElo "2397"]
[PlyCount "52"]
[EventDate "2005.11.07"]
[EventType "swiss"]
[EventRounds "9"]
[EventCountry "CHI"]
[SourceTitle "EXT 2006"]
[Source "ChessBase"]
[SourceDate "2005.11.24"]
[SourceVersion "1"]
[SourceVersionDate "2005.11.24"]
[SourceQuality "1"]

1. e4 c5 2. d3 Nc6 3. f4 d5 4. Be2 e6 5. Nf3 Nf6 6. e5 Nd7 7. c3 Be7 8. d4 f6 9. 0-0 Qb6 10. Kh1 0-0 11. b3 a5 12. a4 cxd4 13. cxd4 fxe5 14. fxe5 Rxf3 15. Rxf3 Qxd4 16. Nc3 Ndxe5 17. Rh3 Qxd1+ 18. Bxd1 Nb4 19. Be3 Bf6 20. Bd4 Ned3 21. Rxd3 Nxd3 22. Bxf6 gxf6 23. Bf3 Bd7 24. Nxd5 exd5 25. Bxd5+ Kg7 26. Bxb7 Rb8 0-1

[Event "Las Condes zt 2.5"]
[Site "Las Condes"]
[Date "2005.11.08"]
[Round "2"]
[White "Rojas Keim, Luis Alberto"]
[Black "Bartucevic Sanchez, Diego"]
[Result "1-0"]
[WhiteElo "2435"]
[BlackElo "2053"]
[PlyCount "37"]
[EventDate "2005.11.07"]
[EventType "swiss"]
[EventRounds "9"]
[EventCountry "CHI"]
[SourceTitle "EXT 2006"]
[Source "ChessBase"]
[SourceDate "2005.11.24"]
[SourceVersion "1"]
[SourceVersionDate "2005.11.24"]
[SourceQuality "1"]

1. e4 c5 2. Nf3 Nf6 3. Nc3 Nc6 4. d4 d5 5. exd5 Nxd5 6. Bb5 Nxc3 7. bxc3 cxd4 8. Nxd4 Bd7 9. 0-0 e6 10. Qg4 h5 11. Qe4 Rc8 12. Rb1 a6 13. Nxc6 Bxc6 14. Bxc6+ bxc6 15. Bf4 Bc5 16. Qe5 Qe7 17. Qxg7 Qf8 18. Qe5 Rg8 19. Rb8 1-0

[Event "CHI-ch"]
[Site "Santiago de Chile"]
[Date "2004.02.09"]
[Round "1.12"]
[White "Dominguez, Hernan"]
[Black "Bartucevic Sanchez, Diego"]
[Result "1/2-1/2"]
[WhiteElo "2290"]
[BlackElo "2091"]
[PlyCount "102"]
[EventDate "2004.02.09"]
[EventType "swiss"]
[EventRounds "11"]
[EventCountry "CHI"]
[SourceTitle "CBM 098 Extra"]
[Source "ChessBase"]
[SourceDate "2004.03.10"]
[SourceVersion "2"]
[SourceVersionDate "2004.03.10"]
[SourceQuality "1"]

1. e4 c5 2. c3 Nf6 3. e5 Nd5 4. d4 cxd4 5. Qxd4 e6 6. Nf3 Nc6 7. Qe4 Be7 8. Bc4 0-0 9. Bxd5 exd5 10. Qxd5 d6 11. Bf4 Re8 12. 0-0 dxe5 13. Qxd8 Bxd8 14. Re1 f6 15. Na3 Be6 16. Be3 a6 17. Bc5 Bc7 18. b3 b6 19. Be3 Rab8 20. Rad1 Red8 21. h3 Kf7 22. Kf1 Ne7 23. Nc2 Nd5 24. Bd2 b5 25. Kg1 Rbc8 26. Nb4 Nxb4 27. cxb4 Bb6 28. Be3 Bxe3 29. fxe3 Bd5 30. Nh4 Ke6 31. Rd2 Be4 32. Red1 Rxd2 33. Rxd2 h5 34. Kf2 g5 35. Nf3 g4 36. hxg4 hxg4 37. Nh4 Rh8 38. Kg3 f5 39. Rd1 Rc8 40. Rd2 Rc2 41. Rd8 Rxa2 42. Re8+ Kf6 43. Rf8+ Kg7 44. Re8 Re2 45. Rxe5 Rxe3+ 46. Kf4 Rxb3 47. Kg5 Rd3 48. Re7+ Kg8 49. Ng6 Bxg2 50. Re8+ Kg7 51. Re7+ Kg8 1/2-1/2